[Event "Toulouse Lardenne op 2nd"]
[Site "Toulouse"]
[Date "2014.05.18"]
[Round "1"]
[White "Laurain, Dominique"]
[Black "Schegerin, Andre"]
[Result "1-0"]
[WhiteElo "1938"]
[BlackElo "1745"]
[PlyCount "75"]
[EventDate "2014.05.17"]
[EventType "swiss"]
[EventRounds "6"]
[EventCountry "FRA"]
[SourceTitle "EXT 2015"]
[Source "ChessBase"]
[SourceDate "2014.11.20"]
[SourceVersion "1"]
[SourceVersionDate "2014.11.20"]
[SourceQuality "1"]

1. d4 f5 2. g3 Nf6 3. Bg2 g6 4. c4 Bg7 5. Nc3 d6 6. Nf3 0-0 7. 0-0 c6 8. Rb1 Ne4 9. Qb3 Na6 10. Rd1 h6 11. Nxe4 fxe4 12. Nh4 Bf5 13. Nxf5 gxf5 14. Qxb7 Nc7 15. Qxc6 a5 16. d5 Na6 17. Be3 Nb4 18. Qa4 Qc7 19. a3 Na6 20. Qc2 Rac8 21. Rdc1 Qd7 22. Qd2 Nc5 23. b4 axb4 24. axb4 Nb7 25. Bxh6 Bxh6 26. Qxh6 Rf6 27. Qg5+ Kf7 28. Ra1 Rg8 29. Qe3 f4 30. Qxe4 fxg3 31. fxg3 Nd8 32. Rf1 Rgg6 33. Qe3 Rg7 34. Rxf6+ exf6 35. Ra7 Nb7 36. Qe6+ Qxe6 37. dxe6+ Kxe6 38. Rxb7 1-0

[Event "Saint Affrique op 17th"]
[Site "Saint Affrique"]
[Date "2009.07.18"]
[Round "1"]
[White "Garrido, Denis"]
[Black "Schegerin, Andre"]
[Result "1-0"]
[WhiteElo "2321"]
[BlackElo "1785"]
[PlyCount "103"]
[EventDate "2009.07.18"]
[EventType "swiss"]
[EventRounds "9"]
[EventCountry "FRA"]
[SourceTitle "EXT 2010"]
[Source "ChessBase"]
[SourceDate "2010.11.25"]
[SourceVersion "1"]
[SourceVersionDate "2010.11.25"]
[SourceQuality "1"]

1. d4 f5 2. g3 Nf6 3. Bg2 g6 4. c3 c6 5. Nf3 Bg7 6. Qb3 Qb6 7. Nbd2 d5 8. Ne5 Ne4 9. Ndf3 Nd7 10. Bf4 Ndf6 11. 0-0 Nh5 12. Qa3 Nxf4 13. gxf4 Bxe5 14. Nxe5 Nd6 15. b3 Be6 16. e3 0-0 17. Rfc1 Qd8 18. c4 Ne4 19. Rc2 Bf7 20. Kh1 e6 21. Bxe4 fxe4 22. Rg1 Be8 23. Rg3 Rf5 24. Qb4 Rb8 25. f3 exf3 26. Nxf3 Rh5 27. Rcg2 b6 28. Rg5 Rxg5 29. Rxg5 Rb7 30. Ne5 Rg7 31. Ng4 h5 32. Ne5 a5 33. Qa3 dxc4 34. bxc4 b5 35. Qd3 bxc4 36. Nxc4 a4 37. Qe4 Qe7 38. a3 Qd8 39. Kg1 Qc7 40. Qc2 c5 41. Rxc5 Qe7 42. Rg5 Qc7 43. Rc5 Qe7 44. Qf2 Kh7 45. h4 Rf7 46. Ne5 Rg7 47. Nf3 Bd7 48. Qc2 Qd6 49. Ng5+ Kh8 50. Rc8+ Bxc8 51. Qxc8+ Rg8 52. Nf7+ 1-0